00399nam a22001577a 4500999001700000003000400017005001700021008004100038040000900079082001900088100001700107245003000124260003400154300000900188942004400197 c40909d40909OSt20201022133701.0201022b ||||| |||| 00| 0 eng d coclc a823.087bFLE/G aFleming, Ian aGoldfinger /cIan Fleming aLondon:bTriad Panter,c1959. a222p cBK2ddch823.087iFLE/Gk823.087mFLE/G